| 000 | 00355nam a22001337a 4500 | ||
|---|---|---|---|
| 020 | _a9694024900 | ||
| 040 | _cNUST | ||
| 082 | _a297 MAH | ||
| 100 |
_aMamdani, Mahmood _9113228 |
||
| 245 |
_aGood Muslim, Bad Muslim: _bAmerica, The Cold War, and The Roots of Terror |
||
| 260 |
_aLahore: _bVanguard books, _c2005. |
||
| 650 | _aIslam | ||
| 942 |
_2ddc _cBK |
||
| 999 |
_c594980 _d594980 |
||